00631nam a2200217Ia 450000500170000000800410001702000150005808200210007310000160009424500670011026000440017730000120022165000170023365000130025065000110026365000100027465000110028494200060029595200970030199900150039820250117004550.0240331s9999 xx 000 0 und d a9556070419 bKAM26526a305.3 aLiyanage, K 0aSchool Based Understanding of Human Rights and Gender Equality aColombobFriedrich-Ebert-Stiftungc2004 a120 p., aHuman Rights aEquality aSchool aWomen aGender cL 001040708LaWERCLbWERCLcSSCd2024-03-31l0o 305.3 LIYp6526r2024-03-31w2024-03-31yL c4410d4410